| 000 | 00933nam a2200289 i 4500 | ||
|---|---|---|---|
| 001 | 185501 | ||
| 003 | SpMaBN | ||
| 005 | 20240409180614.0 | ||
| 008 | 160613s1988 sp |||| |dspa d | ||
| 020 | _a84-376-0174-6 | ||
| 080 | _a821.134.2-14"15/16"(082.2) | ||
| 245 | 0 | 0 |
_aPoesía lírica del Siglo de Oro / _cedición de Elías L. Rivers. |
| 250 | _a9ª ed. | ||
| 260 |
_aMadrid : _bCátedra, _c1988. |
||
| 300 |
_a367 p. ; _c18 cm. |
||
| 490 | 1 |
_aLetras hispánicas ; _v85 |
|
| 504 | _aBibliografía: p. 21-23. | ||
| 505 | 8 |
_aContiene: ; _tPoesía renacentista ; _tPoesía barroca |
|
| 650 | 7 |
_aPoesías líricas españolas- _yS.XVI-XVII. _9159680 |
|
| 700 | 1 |
_aRivers, Elias L. _997715 |
|
| 740 | 0 | 2 | _aPoesía renacentista. |
| 740 | 0 | 2 | _aPoesía barroca. |
| 830 | 0 | 0 |
_aLetras hispánicas ; _v85 _9235703 |
| 852 |
_aES-MaACL _jL-30389 _z. - Donat. Miguel A. Velasco |
||
| 942 | _2udc | ||
| 999 |
_c185501 _d185501 |
||